|
|
|
|
| LEADER |
00000cam a2200000 7i4500 |
| 001 |
0000002225 |
| 005 |
20030610.0 |
| 020 |
0 |
0 |
|a 9747946106
|
| 090 |
0 |
0 |
|a FAO634.98095
|b BRO 2001
|
| 100 |
1 |
0 |
|a BROWN
|h Chris
|
| 245 |
1 |
0 |
|a Forests out of bounds: impacts and effectiveness of logging bans in natural forests in Asia-Pacific :
|b executive summary
|c Chris Brown, Patrick B. Durst and Thomas Enters
|
| 260 |
0 |
0 |
|a Bangkok :
|b FAO Regional Office for Asia and the Pacific ,
|c 2001
|
| 300 |
|
|
|a viii, 40 p. ;
|c 30 cm.
|
| 440 |
0 |
0 |
|a RAP publication 2001/10
|
| 650 |
0 |
0 |
|a Trees
|z Asia
|
| 700 |
0 |
1 |
|a Durst
|h Patrick B.
|
| 700 |
0 |
1 |
|a Enters
|h Thomas
|
| 710 |
1 |
1 |
|a Asia-Pacific Forestry Commission
|
| 998 |
|
|
|a JPSM
|
| 999 |
|
|
|a 0000003308
|b Monograph
|c Open Shelf
|e Default branch
|
| 999 |
|
|
|a 0000003435
|b Monograph
|c Open Shelf
|e Default branch
|
| 999 |
|
|
|a 0000006508
|b Monograph
|c Food and Agriculture Organization
|e Default branch
|